• 首页
  • 本馆介绍
  • 公告通知
  • 最新文献
  • 馆藏检索
  • 电子资源
  • 读者导购
  • 参考咨询
  • 我的图书馆
  • 登录
  • 详细信息显示
  • 放入我的书架
  • 预约/预借图书
  • 作者相关作品
  • 分类相关作品
  • 丛书相关作品
  • 出版社相关作品

书目信息

  • 表格格式
  • 工作单格式
  • 卡片格式
题名:
世界通史资料选辑
    
 
作者: 吴于谨 , 周一良 主编 ;郭守田 主编
分册:   中古部分
出版信息: 北京   商务印书馆  1981.4
页数: 469页
开本: 21cm
丛书名:
单 册:
中图分类: K106
科图分类:
主题词: 世界史:通史
电子资源:
ISBN:
000 00705nam0 2200241 45
001 0181007043
005 20060813151347.42
010    @dCNY1.70
091    @a11017.229
100    @a20810111d km y0chiy0120 ea
101 0  @achi
200 1  @AShi Jie Tong Shi Zi Liao Xuan Ji@a世界通史资料选辑@i中古部分@f周一良,吴于谨主编@FZhou Yi Liang,Wu Yu Jin Zhu Bian@g郭守田主编
210    @a北京@c商务印书馆@d1981.4
215    @a469页@d21cm
300    @a高等院校文科参考书
517    @a中古部分@AZhong Gu Bu Fen
606 0  @a世界史:通史
690    @aK106@v3
701  0 @a吴于谨@4主编
701  0 @a周一良@4主编
702  0 @a郭守田@AGuo Shou Tian@4主编
801    @aCN@bTSTC@c20060813
905    @dK106@e10
    
    世界通史资料选辑.中古部分/周一良,吴于谨主编/郭守田主编.-北京:商务印书馆,1981.4
    469页;21cm
    高等院校文科参考书
    
    ISBN :CNY1.70
    
●
相关链接 在E读中查询图书 在五车中查询图书 在当当中查询图书 在豆瓣中查询图书


正题名:世界通史资料选辑     索取号:K106/10         预约/预借

序号 登录号 条形码 馆藏地/架位号 状态 备注
1 0064692   001664069   密集书库/ [索取号:K106/10] 在馆    
2 0064693   202339601   密集书库/ [索取号:K106/10] 在馆    
3 0064694   001416328   第二借阅区/ [索取号:K106/10] 在馆    
4 0064695   001823833   密集书库/ [索取号:K106/10] 在馆    
5 0064696   001416239   第二借阅区/ [索取号:K106/10] 在馆    
6 0453757   204537572   密集书库/ [索取号:K106/10] 在馆    
7 0456374   204563748   密集书库/ [索取号:K106/10] 在馆    
唐山师范学院图书馆 欢迎您!
大连网信软件有限公司© 版权所有